000
00235 a2200097 4500
001
44418
100
_a
Solodounikou
245
_a
Automatic Control & Computer Engineering
260
_a
Oxford
_b
Pergamon Press
_c
090
_c
28134
_d
28134
942
_a
NUST-CAE
_c
M
_c
20152
999
_c
279491
_d
279491